000 00581nam a2200193Ia 4500
003 GCL
008 140319s9999 xx 000 0 ara d
040 _aGCL /
_cGCL
082 0 4 _a814.538
_bم ا
100 1 _aمحمد الرميحى
245 1 0 _aازالة الحواجز /
_cمحمد الرميحى
260 _a[S.N] :
_bالشركة الكويتية للابحاث ،
_c1991
300 _a342 ص
490 _aاحاديث عربية
_v0
650 0 4 _aالادب العربى
650 0 4 _aالكويت
650 0 4 _aالمقالات العربية
942 _2ddc
_cBK
999 _c30161
_d30161